Hey, Mickey! - Baby Tate - All Lyrics - Statistics

General Stats
  • This quiz has been taken 24 times
  • The average score is 206 of 327
Answer Stats
Answer % Correct
he
100%
He
100%
Mickey
100%
Mickey,
100%
Mickey)
100%
uh-uh
100%
ya
100%
you
100%
you-,
100%
you,"
100%
You
100%
b-
95%
fine
95%
fine,
95%
Hey,
95%
(Hey,
95%
hey,
95%
so
95%
So
95%
blow
90%
mind
90%
mind”
90%
my
90%
Oh,
90%
oh,
90%
“Oh,
90%
oh
90%
you're
85%
a
80%
me,
80%
me
80%
n***a
75%
I
65%
this
65%
this)
65%
to
65%
and
60%
And
60%
don't
60%
But
55%
Met
55%
met
55%
when
55%
had
50%
hella
50%
in
50%
named
50%
named)
50%
then,
50%
then
50%
all
45%
boy
45%
boy,
45%
hickies
45%
it
45%
just
45%
like
45%
okay
45%
on
45%
said,
45%
said
45%
that
45%
that's
45%
call
40%
gay,
40%
have
40%
her
40%
make
40%
Make
40%
man,
40%
man
40%
no
40%
out
40%
sticky
40%
was
40%
"Baby,"
35%
even
35%
found
35%
Gates
35%
hand
35%
him
35%
his
35%
hit
35%
meet
35%
might
35%
neck
35%
Never
35%
(Never
35%
nice
35%
shook
35%
Tate
35%
yellow
35%
Bill
30%
cash
30%
'cause
30%
'Cause
30%
eyes
30%
Gets
30%
girl,
30%
give
30%
got
30%
he's
30%
into
30%
"It's
30%
knew
30%
looked
30%
marry
30%
other
30%
Richard,
30%
see
30%
than
30%
today
30%
because
25%
blind
25%
cake
25%
chips
25%
chips)
25%
dates
25%
Dickies
25%
dip"
25%
dip)
25%
dollar
25%
gotta
25%
hundred
25%
Lake
25%
later,
25%
let
25%
richer
25%
some
25%
Takes
25%
up
25%
wanna
25%
(Wanna
25%
wetter
25%
white
25%
beatin'
20%
believe
20%
come
20%
friends,
20%
life
20%
lyin'
20%
Superior
20%
Tell
20%
thousand
20%
time
20%
waste
20%
with
20%
done
15%
hubby
15%
meeting
15%
(Meeting
15%
turned
15%
whip
15%
deaf
5%
"I'll
5%
(I'll
5%
No matching quizzes found
Score Distribution
Percent of People with Each Score
Percentile by Number Answered
Your Score History
You have not taken this quiz